000 01540cam a22004574i 4500
003 PE-LiUPU
005 20250731173035.0
008 150623s r 000 0 d
020 _a1565633520
035 _a(Sirsi) i9781565633520
040 _aPE-LiUPU
_bspa
_cPE-LiUPU
_erda
049 _aPRUA
082 0 4 _a234.13
_bT95
_221
100 1 _aTurner, Max,
_eautor.
245 1 4 _aThe Holy Spirit and spiritual gifts :
_bin the New Testament church and today /
_cMax Turner.
264 1 _aPeabody, MA :
_bHendrickson Publishers,
_c1998.
300 _a383 p.
336 _atext
_2rdacontent
337 _aunmediated
_2rdamedia
338 _avolume
_2rdacarrier
504 _abibliografía.
505 0 _aThe development of New Testament Pneumatology. -Spiritual gifts in the New Testament church and today introductory remarks.
526 _aSEG42
526 _aSEG41
526 _aSEG40
526 _aSEG39
526 _aP94
526 _aP87
526 _aP86
526 _aP85
526 _aP77
526 _aP76
526 _aP35
650 0 4 _aDones espirituales
_xEnseñanza bíblica.
942 _2ddc
_cBOOK
949 _a234.13 T95
_wDEWEY
_c1
_i48203
_lCCODEBUL1
_mBUL
_r0
_sY
_tBOOK
_u2015-6-24
_xTEOLOGIA
_PP35
_0COMPRA
_o.STAFF. Colección General
994 _aC0
_bPEPRU
596 _a1
999 _a234.13 T95
_wDEWEY
_c25759
_i48203
_d25759
_f2021-11-10
_g5
_lCCODEBUL1
_mBUL
_q2
_r0
_sY
_tBOOK
_u2015-6-24
_xTEOLOGIA
_PP35
_0COMPRA
_o.STAFF. Colección General
980 _81
_gALBERTO SANCHEZ Responsable de Automatización